| 000 | 00627 a2200253 4500 | ||
|---|---|---|---|
| 260 | _aParis | ||
| 630 | _a91 - Geographie. Exploration de la terre, des diverses regions, des divers pays. Voyages. Geographie regionale | ||
| 650 | _a9 - GEOGRAPHIE ET HISTOIRE | ||
| 100 | _a<de> La Rüe, E. Aubert | ||
| 440 | _n16 | ||
| 260 | _bGallimard | ||
| 245 | _aL'homme et le vent | ||
| 300 | _a217 p | ||
| 650 | _aVent | ||
| 650 | _aEnérgie éolienne | ||
| 260 | _c1940 | ||
| 300 | _b23 cm | ||
| 100 | _lFr | ||
| 037 | _a14929 | ||
| 440 | _agéographie humaine | ||
| 250 | _a15è éd. | ||
| 999 |
_c35744 _d35744 |
||